| 000 | 00520nam a2200181Ia 4500 | ||
|---|---|---|---|
| 005 | 20250326141730.0 | ||
| 008 | 250326s9999 xx 000 0 und d | ||
| 037 | _aTextbook | ||
| 040 |
_aFMSL _beng _cFMSL |
||
| 041 |
_aeng _2eng |
||
| 084 |
_aX:89ZB:(F) N0 _qFMSL |
||
| 100 |
_aBanerjee P K _9300556 |
||
| 245 | 0 |
_aEssays in technology development and the third world _cBanerjee P K |
|
| 260 |
_aDelhi _bDelhi, H K _c1990 |
||
| 300 | _a95p | ||
| 942 |
_cTB _hX:89ZB:(F) N0 |
||
| 999 |
_c1291706 _d1291706 |
||